000 00640nam a22002657a 4500
005 20260306184637.0
008 160808b2000 xxu||||| |||| 00| 0 spa d
041 _aESP
082 _a001.42 E19c
100 _a Eco, Umberto
_927258
245 _aCómo se hace una tesis
260 _aEspaña
260 _bGedisa
260 _c2000
300 _a240 páginas
490 _aTemática General
650 _aMÉTODOS DE INVESTIGACIÓN
650 _aINVESTIGACIONES
650 _aMETODOLOGÍA
650 _aCIENCIAS SOCIALES
650 _aTESIS
650 _aFICHA BIBLIOGRÁFICA
650 _aREDACCIÓN
942 _cBK
_2ddc
999 _c8341
_d8341